[Event "Schweinfurt op 29th"]
[Site "Schweinfurt"]
[Date "2019.06.23"]
[Round "6"]
[White "Hohner, Karl Heinz"]
[Black "Ley, Reinhard"]
[Result "1/2-1/2"]
[WhiteElo "1806"]
[BlackElo "1709"]
[PlyCount "35"]
[EventDate "2019.06.20"]
[EventType "swiss"]
[EventRounds "7"]
[EventCountry "GER"]
[SourceTitle "CBM 191 Extra"]
[Source "ChessBase"]
[SourceDate "2019.09.30"]
[SourceVersion "1"]
[SourceVersionDate "2019.09.30"]
[SourceQuality "1"]

1. e4 Nf6 2. Nc3 d5 3. e5 d4 4. exf6 dxc3 5. fxg7 cxd2+ 6. Bxd2 Bxg7 7. Qf3 e6 8. 0-0-0 Qf6 9. Qxf6 Bxf6 10. Nf3 Nc6 11. Bb5 Bd7 12. Rhe1 0-0-0 13. a3 a6 14. Bd3 h6 15. Bf4 Rdg8 16. g3 Bg5 17. Bxg5 hxg5 18. h4 1/2-1/2

[Event "Schweinfurt op 29th"]
[Site "Schweinfurt"]
[Date "2019.06.20"]
[Round "1"]
[White "Ley, Reinhard"]
[Black "Lang, Stefan1111"]
[Result "1/2-1/2"]
[WhiteElo "1709"]
[BlackElo "2094"]
[PlyCount "73"]
[EventDate "2019.06.20"]
[EventType "swiss"]
[EventRounds "7"]
[EventCountry "GER"]
[SourceTitle "CBM 191 Extra"]
[Source "ChessBase"]
[SourceDate "2019.09.30"]
[SourceVersion "1"]
[SourceVersionDate "2019.09.30"]
[SourceQuality "1"]

1. d4 c5 2. c3 e6 3. Nf3 Nf6 4. Nbd2 b6 5. e4 Bb7 6. Bd3 Be7 7. 0-0 d6 8. Re1 0-0 9. Qe2 Nfd7 10. Nc4 b5 11. Ne3 a6 12. b3 Nc6 13. Bb2 Re8 14. Rad1 Bf8 15. c4 b4 16. d5 Nce5 17. Nxe5 Nxe5 18. Bxe5 dxe5 19. Qh5 g6 20. Qh3 exd5 21. Nxd5 Bc8 22. Qe3 Kg7 23. Be2 Qa5 24. Rd2 Be6 25. Qg5 Bxd5 26. cxd5 Bd6 27. Bc4 Ra7 28. Re3 f6 29. Qg4 Rf7 30. Qe2 Rd8 31. g3 Qb6 32. f3 Kh8 33. Qf1 Kg7 34. Rf2 g5 35. Qh3 Qc7 36. Qf5 Qd7 37. Qxd7 1/2-1/2

[Event "Rheinland Pfalz op 10th"]
[Site "Nickenich"]
[Date "2018.06.01"]
[Round "4"]
[White "Yankelevich, Michael"]
[Black "Ley, Reinhard"]
[Result "1-0"]
[WhiteElo "1986"]
[BlackElo "1714"]
[PlyCount "53"]
[EventDate "2018.05.31"]
[EventType "swiss"]
[EventRounds "7"]
[EventCountry "GER"]
[SourceTitle "EXT 2019"]
[Source "ChessBase"]
[SourceDate "2018.10.10"]
[SourceVersion "1"]
[SourceVersionDate "2018.10.10"]
[SourceQuality "1"]

1. e4 Nf6 2. e5 Nd5 3. d4 d6 4. c4 Nb6 5. exd6 cxd6 6. Nc3 Bf5 7. Nf3 Nc6 8. Be2 Nb4 9. 0-0 Nc2 10. Nh4 Nxa1 11. Nxf5 e6 12. Ng3 Rc8 13. b3 Be7 14. Bf4 Nxb3 15. axb3 0-0 16. Re1 Nd7 17. Bd3 Nf6 18. Bc2 d5 19. c5 b6 20. b4 g6 21. Bh6 Re8 22. Ba4 bxc5 23. bxc5 Bf8 24. Bg5 h6 25. Bxf6 Qxf6 26. Bxe8 Rxe8 27. Nxd5 1-0

[Event "Rheinland Pfalz op 10th"]
[Site "Nickenich"]
[Date "2018.05.31"]
[Round "1"]
[White "Becker, Dirk"]
[Black "Ley, Reinhard"]
[Result "1-0"]
[WhiteElo "2262"]
[BlackElo "1714"]
[PlyCount "83"]
[EventDate "2018.05.31"]
[EventType "swiss"]
[EventRounds "7"]
[EventCountry "GER"]
[SourceTitle "CBM 184 Extra"]
[Source "ChessBase"]
[SourceDate "2018.06.28"]
[SourceVersion "1"]
[SourceVersionDate "2018.06.28"]
[SourceQuality "1"]

1. d4 d5 2. Bf4 Nf6 3. e3 Bf5 4. c4 e6 5. Nc3 Be7 6. Qb3 b6 7. cxd5 exd5 8. Nb5 Na6 9. Qa4 c6 10. Qxa6 cxb5 11. Bxb5+ Bd7 12. a3 0-0 13. Nf3 Qc8 14. Qxc8 Raxc8 15. Bd3 Ba4 16. Ke2 Bb3 17. Rhc1 Ne4 18. Nd2 Nxd2 19. Kxd2 g5 20. Be5 f6 21. Bc7 Rf7 22. Bg3 Rd8 23. Rc3 Ba4 24. Rac1 Bd6 25. Rc8 Rff8 26. Bf5 Bxg3 27. Be6+ Kg7 28. hxg3 Rxc8 29. Bxc8 Bb5 30. b3 Rf7 31. Be6 Re7 32. Bxd5 Be8 33. b4 Bg6 34. f3 Be8 35. e4 Bb5 36. Ke3 a5 37. bxa5 bxa5 38. f4 h5 39. e5 gxf4+ 40. gxf4 fxe5 41. dxe5 Rd7 42. Rc5 1-0

[Event "Schweinfurt op 26th"]
[Site "Schweinfurt"]
[Date "2016.05.29"]
[Round "7"]
[White "Ley, Reinhard"]
[Black "Wenkheimer, Rolf"]
[Result "1-0"]
[WhiteElo "1759"]
[BlackElo "1637"]
[PlyCount "53"]
[EventDate "2016.05.26"]
[EventType "swiss"]
[EventRounds "7"]
[EventCountry "GER"]
[SourceTitle "CBM 172 Extra"]
[Source "ChessBase"]
[SourceDate "2016.06.21"]
[SourceVersion "1"]
[SourceVersionDate "2016.06.21"]
[SourceQuality "1"]

1. d4 d5 2. Nf3 Nf6 3. e3 e6 4. Bd3 c5 5. c3 Nc6 6. Nbd2 c4 7. Bc2 b5 8. e4 dxe4 9. Nxe4 Nd5 10. 0-0 Be7 11. Re1 a5 12. Bg5 h6 13. Bxe7 Qxe7 14. Nc5 0-0 15. Ne5 Nxe5 16. Rxe5 Nf6 17. Qf3 Ra7 18. Rae1 Nd7 19. Nxd7 Qxd7 20. a3 b4 21. axb4 axb4 22. cxb4 Qxd4 23. Qc3 Qxc3 24. bxc3 Rd8 25. Rc5 Ra2 26. Bb1 Bb7 27. Bxa2 1-0

[Event "SVR-ch MAT-II 37th"]
[Site "Heimbach Weis"]
[Date "2014.04.18"]
[Round "8"]
[White "Becker, Wilhelm"]
[Black "Ley, Reinhard"]
[Result "1-0"]
[WhiteElo "1917"]
[BlackElo "1585"]
[PlyCount "49"]
[EventDate "2014.04.11"]
[EventType "tourn"]
[EventRounds "9"]
[EventCountry "GER"]
[SourceTitle "CBM 160 Extra"]
[Source "ChessBase"]
[SourceDate "2014.07.01"]
[SourceVersion "1"]
[SourceVersionDate "2014.07.01"]
[SourceQuality "1"]

1. d4 d5 2. c4 e6 3. Nc3 c5 4. cxd5 cxd4 5. Qa4+ Bd7 6. Qxd4 exd5 7. Qxd5 Nc6 8. a3 Nf6 9. Qd3 Bc5 10. Nf3 Qe7 11. Bg5 0-0-0 12. Bxf6 Qxf6 13. e3 Rhe8 14. Be2 h6 15. 0-0 Ne5 16. Nxe5 Qxe5 17. Qc4 Be6 18. Qa4 Kb8 19. Rad1 Rc8 20. Bf3 Bb6 21. Qc2 Ba5 22. Rd4 Bxc3 23. bxc3 Qc5 24. Rb1 b6 25. Qe4 1-0

[Event "SVR-ch MAT-II 37th"]
[Site "Heimbach Weis"]
[Date "2014.04.17"]
[Round "6"]
[White "Ley, Reinhard"]
[Black "Fuehrer, Michael"]
[Result "0-1"]
[WhiteElo "1585"]
[BlackElo "1787"]
[PlyCount "68"]
[EventDate "2014.04.11"]
[EventType "tourn"]
[EventRounds "9"]
[EventCountry "GER"]
[SourceTitle "CBM 160 Extra"]
[Source "ChessBase"]
[SourceDate "2014.07.01"]
[SourceVersion "1"]
[SourceVersionDate "2014.07.01"]
[SourceQuality "1"]

1. d4 d5 2. c4 e6 3. e3 Nf6 4. Nc3 c5 5. Nf3 Nc6 6. Bd3 Bd6 7. 0-0 a6 8. cxd5 exd5 9. dxc5 Bxc5 10. a3 Bg4 11. Be2 0-0 12. Qc2 Qd6 13. b4 Ba7 14. Rd1 Rac8 15. Qd2 Rfd8 16. Ra2 Bb8 17. g3 b5 18. Qe1 Ba7 19. Rad2 Bxf3 20. Bxf3 Ne5 21. Bg2 Rxc3 22. Rxd5 Nxd5 23. Rxd5 Rxc1 24. Qxc1 Qe7 25. Qd2 Rxd5 26. Bxd5 Qd6 27. Kg2 Bb8 28. e4 h5 29. Qg5 Qf6 30. Qxh5 g6 31. Qd1 Nc4 32. Qc1 Ba7 33. Qc2 Qd4 34. Bxc4 Qxc4 0-1

[Event "SVR-ch MAT-II 37th"]
[Site "Heimbach Weis"]
[Date "2014.04.12"]
[Round "3"]
[White "Breuer, Yannick"]
[Black "Ley, Reinhard"]
[Result "1/2-1/2"]
[WhiteElo "1755"]
[BlackElo "1585"]
[PlyCount "41"]
[EventDate "2014.04.11"]
[EventType "tourn"]
[EventRounds "9"]
[EventCountry "GER"]
[SourceTitle "CBM 160 Extra"]
[Source "ChessBase"]
[SourceDate "2014.07.01"]
[SourceVersion "1"]
[SourceVersionDate "2014.07.01"]
[SourceQuality "1"]

1. e4 Nf6 2. e5 Nd5 3. d4 d6 4. Nf3 Bf5 5. c4 Nb6 6. exd6 cxd6 7. Bd3 Bg4 8. h3 Bh5 9. g4 Bg6 10. Nc3 Nc6 11. Be3 d5 12. b3 e6 13. c5 Nd7 14. Bf4 Be7 15. 0-0 0-0 16. Re1 Re8 17. Nb5 Rf8 18. Bxg6 hxg6 19. Kg2 Rc8 20. Rh1 f6 21. Qc2 1/2-1/2

[Event "SVR-ch MAT-II 35th"]
[Site "Nickenich"]
[Date "2012.04.06"]
[Round "8"]
[White "Thoennes, Frank"]
[Black "Ley, Reinhard"]
[Result "0-1"]
[WhiteElo "1967"]
[BlackElo "1597"]
[PlyCount "96"]
[EventDate "2012.03.30"]
[EventType "tourn"]
[EventRounds "9"]
[EventCountry "GER"]
[SourceTitle "EXT 2013"]
[Source "ChessBase"]
[SourceDate "2012.11.22"]
[SourceVersion "1"]
[SourceVersionDate "2012.11.22"]
[SourceQuality "1"]

1. b4 Nf6 2. Bb2 e6 3. a3 d5 4. e3 Be7 5. f4 Nbd7 6. c4 c6 7. Nf3 0-0 8. Be2 Ne4 9. d3 Bf6 10. Be5 Bxe5 11. fxe5 Ng5 12. Nbd2 dxc4 13. dxc4 Nxf3+ 14. Nxf3 Qc7 15. Qd6 Qxd6 16. exd6 c5 17. 0-0 b6 18. b5 Bb7 19. a4 a5 20. Rad1 Bxf3 21. Bxf3 Rad8 22. Bc6 f6 23. Rf2 Rf7 24. Kf1 Ne5 25. Rf4 Nd7 26. Ke1 Ne5 27. Rd2 f5 28. Rh4 g5 29. Rh6 Nxc4 30. Rxe6 Nxd2 31. Kxd2 Kg7 32. Kc3 Rf6 33. Rxf6 Kxf6 34. d7 Ke5 35. g3 Kd6 36. Kc4 Ke5 37. Kc3 h6 38. Kc4 Kd6 39. h3 h5 40. h4 g4 41. e4 fxe4 42. Bxe4 Rxd7 43. Bg6 Ke5 44. Bxh5 Rd4+ 45. Kb3 Rd3+ 46. Kc4 Rxg3 47. Be8 Rh3 48. h5 g3 0-1

[Event "SVR-ch MAT-II 35th"]
[Site "Nickenich"]
[Date "2012.04.01"]
[Round "4"]
[White "Hirschmann, Jakob"]
[Black "Ley, Reinhard"]
[Result "1-0"]
[WhiteElo "1792"]
[BlackElo "1597"]
[PlyCount "63"]
[EventDate "2012.03.30"]
[EventType "tourn"]
[EventRounds "9"]
[EventCountry "GER"]
[SourceTitle "EXT 2013"]
[Source "ChessBase"]
[SourceDate "2012.11.22"]
[SourceVersion "1"]
[SourceVersionDate "2012.11.22"]
[SourceQuality "1"]

1. e4 Nf6 2. e5 Nd5 3. c4 Nb6 4. d4 d6 5. exd6 cxd6 6. d5 g6 7. Qd4 f6 8. h4 h5 9. Bd3 Rg8 10. Ne2 e5 11. dxe6 Nc6 12. Qe3 Ne5 13. Nd4 Nbxc4 14. Qe2 Qa5+ 15. Nc3 Nxd3+ 16. Qxd3 Qe5+ 17. Kd1 Qc5 18. Ne4 Qe5 19. f4 Nxb2+ 20. Bxb2 Qxf4 21. Rf1 Qg4+ 22. Qe2 Qxe2+ 23. Kxe2 Be7 24. Nxf6+ Bxf6 25. Rxf6 b6 26. Rc1 Ba6+ 27. Ke3 Rc8 28. Rxc8+ Bxc8 29. Ba3 g5 30. hxg5 Rxg5 31. Bxd6 Rg8 32. e7 1-0

[Event "Rheinland Pfalz op 2nd"]
[Site "Schweich"]
[Date "2010.07.16"]
[Round "2"]
[White "Ley, Reinhard"]
[Black "Berend, Elvira S"]
[Result "0-1"]
[WhiteElo "1856"]
[BlackElo "2307"]
[PlyCount "72"]
[EventDate "2010.07.16"]
[EventType "swiss"]
[EventRounds "7"]
[EventCountry "GER"]
[SourceTitle "EXT 2012"]
[Source "ChessBase"]
[SourceDate "2011.11.24"]
[SourceVersion "1"]
[SourceVersionDate "2011.11.24"]
[SourceQuality "1"]

1. d4 Nf6 2. Nf3 e6 3. e3 c5 4. c3 b6 5. Nbd2 Be7 6. Bd3 cxd4 7. cxd4 Ba6 8. Bxa6 Nxa6 9. 0-0 0-0 10. Ne5 Qc7 11. a3 d6 12. Nd3 Rac8 13. Nf3 Qb7 14. b4 Nc7 15. Bb2 Ne4 16. Qe2 Nd5 17. Rac1 b5 18. Nd2 Nxd2 19. Qxd2 Nb6 20. Rxc8 Rxc8 21. Rc1 Nc4 22. Qc3 Bf6 23. Ba1 Qa6 24. Nb2 Nb6 25. Qd2 Rxc1+ 26. Qxc1 Qxa3 27. g3 Nc4 28. Kg2 h6 29. Qb1 Qxb4 30. Qa2 Qa3 31. Qb1 Qb3 32. Qc1 d5 33. Nd1 b4 34. Nb2 a5 35. Qd1 Qxd1 36. Nxd1 a4 0-1

[Event "Rheinland Pfalz op 2nd"]
[Site "Schweich"]
[Date "2010.07.16"]
[Round "3"]
[White "Schwarz, Larissa"]
[Black "Ley, Reinhard"]
[Result "1-0"]
[WhiteElo "1581"]
[BlackElo "1856"]
[PlyCount "77"]
[EventDate "2010.07.16"]
[EventType "swiss"]
[EventRounds "7"]
[EventCountry "GER"]
[SourceTitle "EXT 2012"]
[Source "ChessBase"]
[SourceDate "2011.11.24"]
[SourceVersion "1"]
[SourceVersionDate "2011.11.24"]
[SourceQuality "1"]

1. e4 Nf6 2. Nc3 d5 3. exd5 Nxd5 4. Nxd5 Qxd5 5. d4 Bf5 6. Nf3 Nc6 7. Bd3 Bg4 8. Be2 Bxf3 9. Bxf3 Qc4 10. Bxc6+ Qxc6 11. 0-0 e6 12. Re1 0-0-0 13. c3 Bd6 14. Be3 Qb5 15. Qe2 Qxe2 16. Rxe2 Be7 17. Bf4 Rd5 18. Be5 Rg8 19. c4 Rd7 20. Rd2 g5 21. Rad1 h5 22. f3 h4 23. d5 Rgd8 24. Kf2 f6 25. Bc3 Bc5+ 26. Ke2 e5 27. b4 Bf8 28. c5 a5 29. a3 axb4 30. axb4 Rg7 31. Rd3 Re7 32. Re3 Bg7 33. b5 Rdd7 34. Red3 f5 35. c6 bxc6 36. bxc6 Rd6 37. Ra1 Kb8 38. Bd2 Rxc6 39. dxc6 1-0

[Event "SVR-ch MAT-II 33rd"]
[Site "Mendig"]
[Date "2010.04.01"]
[Round "7"]
[White "Ley, Reinhard"]
[Black "Mallmann, Bernd"]
[Result "0-1"]
[WhiteElo "1861"]
[BlackElo "1961"]
[PlyCount "50"]
[EventDate "2010.03.26"]
[EventType "tourn"]
[EventRounds "9"]
[EventCountry "GER"]
[SourceTitle "EXT 2011"]
[Source "ChessBase"]
[SourceDate "2010.11.26"]
[SourceVersion "1"]
[SourceVersionDate "2010.11.26"]
[SourceQuality "1"]

1. d4 d6 2. Nf3 Nf6 3. c4 Nbd7 4. Nc3 c6 5. e4 e5 6. dxe5 dxe5 7. Bd3 Bb4 8. Qc2 0-0 9. a3 Bxc3+ 10. Qxc3 Nc5 11. Nxe5 Re8 12. 0-0 Nfxe4 13. Bxe4 Nxe4 14. Qd3 Bf5 15. Qxd8 Raxd8 16. Nf3 Be6 17. Re1 Bxc4 18. Nd2 Nc5 19. Rxe8+ Rxe8 20. h3 Re1+ 21. Kh2 Bd5 22. b4 Nd3 23. Bb2 Re2 24. Bc3 Rxf2 25. Rd1 Rxg2+ 0-1

[Event "SVR-ch MAT-II 33rd"]
[Site "Mendig"]
[Date "2010.03.27"]
[Round "2"]
[White "Eske, Alexander"]
[Black "Ley, Reinhard"]
[Result "1-0"]
[WhiteElo "1743"]
[BlackElo "1861"]
[PlyCount "59"]
[EventDate "2010.03.26"]
[EventType "tourn"]
[EventRounds "9"]
[EventCountry "GER"]
[SourceTitle "EXT 2011"]
[Source "ChessBase"]
[SourceDate "2010.11.26"]
[SourceVersion "1"]
[SourceVersionDate "2010.11.26"]
[SourceQuality "1"]

1. d4 d5 2. c4 e6 3. Nc3 c5 4. cxd5 cxd4 5. Qxd4 Nc6 6. Qd1 exd5 7. Qxd5 Bd7 8. e3 Nf6 9. Qb3 Na5 10. Qd1 Nc6 11. Nf3 Bc5 12. Be2 Qe7 13. 0-0 0-0-0 14. a3 g5 15. b4 Bb6 16. Bb2 Rhg8 17. Na4 Bc7 18. Qc2 g4 19. Nh4 Ne5 20. Bd4 Nf3+ 21. Nxf3 gxf3 22. Bxf3 Bxa4 23. Qxa4 Bxh2+ 24. Kxh2 Rxd4 25. Rac1+ Kb8 26. exd4 Ng4+ 27. Bxg4 Rxg4 28. Qc2 Qh4+ 29. Kg1 Rg8 30. Qc7+ 1-0

[Event "Schweinfurt op"]
[Site "Schweinfurt"]
[Date "2007.05.20"]
[Round "7"]
[White "Schmid, Herbert"]
[Black "Ley, Reinhard"]
[Result "1/2-1/2"]
[WhiteElo "1537"]
[BlackElo "1887"]
[PlyCount "103"]
[EventDate "2007.05.17"]
[EventType "swiss"]
[EventRounds "7"]
[EventCountry "GER"]
[SourceTitle "CBM 118 Extra"]
[Source "ChessBase"]
[SourceDate "2007.07.04"]
[SourceVersion "1"]
[SourceVersionDate "2007.07.04"]
[SourceQuality "1"]

1. e4 Nf6 2. Nc3 d5 3. d3 c6 4. h3 dxe4 5. dxe4 Qxd1+ 6. Kxd1 e6 7. Bd3 Nbd7 8. Nf3 Bc5 9. Ke2 Bb4 10. Nd1 b6 11. Ne3 Bb7 12. a3 Be7 13. Bd2 Nc5 14. e5 Nxd3 15. cxd3 Nd7 16. Bc3 c5 17. Ne1 f6 18. Nc4 fxe5 19. f3 Bd5 20. Ne3 h5 21. Rg1 Bf6 22. Nd1 c4 23. Nf2 cxd3+ 24. Nexd3 Bc4 25. Ne4 0-0 26. Ke3 Be7 27. Rgd1 Bxd3 28. Rxd3 Nc5 29. Bb4 Rfc8 30. Nxc5 Bxc5+ 31. Bxc5 Rxc5 32. Rad1 Rc2 33. R1d2 Rac8 34. Rd8+ Rxd8 35. Rxd8+ Kh7 36. Rd2 Rxd2 37. Kxd2 Kg6 38. Ke3 Kf5 39. g4+ hxg4 40. hxg4+ Kf6 41. Ke4 g5 42. a4 a6 43. b4 b5 44. axb5 axb5 45. Kd3 Ke7 46. Ke3 Kd7 47. Kd3 Kc6 48. Ke4 Kd6 49. Ke3 Kd5 50. Kd3 Kc6 51. Ke4 Kd6 52. Ke3 1/2-1/2

[Event "Schweinfurt op"]
[Site "Schweinfurt"]
[Date "2007.05.19"]
[Round "5"]
[White "Wilhelm, Holger"]
[Black "Ley, Reinhard"]
[Result "1/2-1/2"]
[WhiteElo "1598"]
[BlackElo "1887"]
[PlyCount "75"]
[EventDate "2007.05.17"]
[EventType "swiss"]
[EventRounds "7"]
[EventCountry "GER"]
[SourceTitle "CBM 118 Extra"]
[Source "ChessBase"]
[SourceDate "2007.07.04"]
[SourceVersion "1"]
[SourceVersionDate "2007.07.04"]
[SourceQuality "1"]

1. e4 Nf6 2. e5 Nd5 3. c4 Nb6 4. d4 d6 5. Nc3 Nc6 6. Nf3 Bf5 7. a3 dxe5 8. d5 Nd4 9. Nxd4 exd4 10. Qxd4 e6 11. Qf4 Bd6 12. Qg5 Be5 13. Qxd8+ Rxd8 14. dxe6 Bxc3+ 15. bxc3 Bxe6 16. c5 Nd5 17. Bb2 Nf4 18. g3 Nd3+ 19. Bxd3 Rxd3 20. Rd1 Rxd1+ 21. Kxd1 Bb3+ 22. Kd2 0-0 23. Re1 Rd8+ 24. Ke3 Rd5 25. Kf4 Kf8 26. h4 Rd2 27. Bc1 Rxf2+ 28. Ke4 Rc2 29. Kd4 Rf2 30. Bf4 Be6 31. Bxc7 Ra2 32. Rb1 Bc8 33. Re1 Rd2+ 34. Ke3 Rd7 35. Bd6+ Ke8 36. Kd4+ Kd8 37. Kc4 f5 38. a4 1/2-1/2

[Event "Schweinfurt op"]
[Site "Schweinfurt"]
[Date "2007.05.18"]
[Round "3"]
[White "Heuberger, Josef"]
[Black "Ley, Reinhard"]
[Result "0-1"]
[WhiteElo "1357"]
[BlackElo "1887"]
[PlyCount "98"]
[EventDate "2007.05.17"]
[EventType "swiss"]
[EventRounds "7"]
[EventCountry "GER"]
[SourceTitle "CBM 118 Extra"]
[Source "ChessBase"]
[SourceDate "2007.07.04"]
[SourceVersion "1"]
[SourceVersionDate "2007.07.04"]
[SourceQuality "1"]

1. d4 d5 2. Nf3 Nf6 3. c4 e6 4. Nc3 c5 5. Bg5 cxd4 6. Nxd4 dxc4 7. e3 e5 8. Nf3 Qxd1+ 9. Rxd1 Bg4 10. Bxf6 gxf6 11. Bxc4 Bb4 12. Be2 Nd7 13. 0-0 Bxc3 14. bxc3 0-0-0 15. h3 Be6 16. c4 Rhg8 17. Kh2 Nc5 18. Rc1 Ne4 19. g4 Nd2 20. Rfd1 Nxf3+ 21. Bxf3 Rxd1 22. Bxd1 Rd8 23. Bb3 Kc7 24. Kg3 Kc6 25. f4 Kc5 26. f5 Bc8 27. Kf3 Rd2 28. h4 b6 29. Kg3 Kb4 30. c5 bxc5 31. Bxf7 Rd7 32. Be6 Rc7 33. Kf2 Bxe6 34. fxe6 Re7 35. a3+ Kb5 36. a4+ Kc6 37. Rb1 Rxe6 38. a5 Re7 39. a6 h6 40. e4 Rc7 41. Ke3 Rd7 42. Rb8 c4 43. Rf8 Rd6 44. Rh8 Kb5 45. Rxh6 c3 46. g5 c2 47. Kf3 c1Q 48. Kg4 Qf4+ 49. Kh5 Qf3+ 0-1

[Event "Schweinfurt op"]
[Site "Schweinfurt"]
[Date "2007.05.17"]
[Round "2"]
[White "Ley, Reinhard"]
[Black "Neubauer, Jaroslaus"]
[Result "0-1"]
[WhiteElo "1887"]
[BlackElo "2076"]
[PlyCount "88"]
[EventDate "2007.05.17"]
[EventType "swiss"]
[EventRounds "7"]
[EventCountry "GER"]
[SourceTitle "CBM 118 Extra"]
[Source "ChessBase"]
[SourceDate "2007.07.04"]
[SourceVersion "1"]
[SourceVersionDate "2007.07.04"]
[SourceQuality "1"]

1. d4 e6 2. Nf3 Nf6 3. c4 d5 4. Nc3 Bb4 5. Qc2 c5 6. e3 Nc6 7. Bd2 0-0 8. cxd5 exd5 9. a3 Bxc3 10. Bxc3 c4 11. b3 b5 12. Be2 Re8 13. 0-0 Ne4 14. Bb2 Bf5 15. Qc1 Na5 16. Bd1 Rc8 17. b4 Nb7 18. Bc3 Nbd6 19. Nd2 Nxd2 20. Qxd2 Bd3 21. Re1 f5 22. Bf3 Nf7 23. a4 Ng5 24. axb5 Nxf3+ 25. gxf3 Qg5+ 26. Kh1 Qh5 27. Qd1 Re6 28. Rg1 Rb8 29. Rxa7 Rg6 30. Rxg6 hxg6 31. Ra1 Rxb5 32. Ra5 Rb8 33. Kg2 g5 34. h3 Rb6 35. Rxd5 Be4 36. Rd8+ Kh7 37. d5 Rh6 38. Kf1 Qxh3+ 39. Ke1 Bxf3 40. Qc1 Qg2 41. Rh8+ Kxh8 42. Bxg7+ Kxg7 43. Qc3+ Kg6 44. Qxc4 Rh1+ 0-1

[Event "SVR-op 30th"]
[Site "Nickenich"]
[Date "2007.04.06"]
[Round "6"]
[White "Ley, Reinhard"]
[Black "Van Leyen, Peter"]
[Result "1/2-1/2"]
[WhiteElo "1887"]
[BlackElo "1616"]
[PlyCount "136"]
[EventDate "2007.03.31"]
[EventType "swiss"]
[EventRounds "7"]
[EventCountry "GER"]
[SourceTitle "EXT 2009"]
[Source "ChessBase"]
[SourceDate "2008.11.26"]
[SourceVersion "1"]
[SourceVersionDate "2008.11.26"]
[SourceQuality "1"]

1. d4 Nf6 2. Nf3 e6 3. c4 c5 4. d5 exd5 5. cxd5 d6 6. Nc3 g6 7. e4 Bg7 8. Bf4 0-0 9. Bd3 a6 10. 0-0 b5 11. a3 Bb7 12. Rc1 Re8 13. Re1 Nh5 14. Bg5 Qb6 15. Be3 Qc7 16. Ng5 h6 17. Nh3 Nd7 18. Qd2 Ne5 19. Be2 Bc8 20. Bxh6 Bxh3 21. Bxg7 Nxg7 22. gxh3 Kh7 23. f4 Nd7 24. Bg4 Rh8 25. f5 Ne5 26. fxg6+ fxg6 27. Rf1 Qe7 28. Rcd1 Qh4 29. Rf4 Nh5 30. Bxh5 Qxh5 31. Qf2 Kg7 32. Qg3 Qxh3 33. Rdf1 Qxg3+ 34. hxg3 Rh3 35. Kg2 Rah8 36. Rg1 Rh2+ 37. Kf1 Nd3 38. Rg2 Rxg2 39. Kxg2 Nxf4+ 40. gxf4 c4 41. e5 dxe5 42. fxe5 Rh5 43. e6 Re5 44. Kf3 Kf6 45. Kf4 Rf5+ 46. Kg4 Ke7 47. Kg3 Kd6 48. Kg4 Ke5 49. Ne4 Kxd5 50. e7 Re5 51. Nf6+ Kd6 52. e8Q Rxe8 53. Nxe8+ Kc6 54. Kf4 a5 55. Ke3 Kc5 56. Nc7 b4 57. axb4+ Kxb4 58. Kd2 Kb3 59. Kc1 g5 60. Ne6 g4 61. Nd4+ Kb4 62. Kc2 g3 63. Nf3 g2 64. Ng1 a4 65. Ne2 c3 66. bxc3+ Kc4 67. Kb2 a3+ 68. Kxa3 g1Q 1/2-1/2

[Event "SVR-op 30th"]
[Site "Nickenich"]
[Date "2007.03.31"]
[Round "2"]
[White "Ley, Reinhard"]
[Black "Carafizi, Vasilii"]
[Result "0-1"]
[WhiteElo "1887"]
[BlackElo "2193"]
[PlyCount "56"]
[EventDate "2007.03.31"]
[EventType "swiss"]
[EventRounds "7"]
[EventCountry "GER"]
[SourceTitle "EXT 2009"]
[Source "ChessBase"]
[SourceDate "2008.11.26"]
[SourceVersion "1"]
[SourceVersionDate "2008.11.26"]
[SourceQuality "1"]

1. d4 d5 2. Nf3 Nf6 3. c4 c6 4. Nc3 e6 5. e3 Nbd7 6. Bd3 dxc4 7. Bxc4 b5 8. Bd3 Bb7 9. 0-0 a6 10. e4 c5 11. e5 cxd4 12. Nxb5 Bxf3 13. Qc2 Rc8 14. Qa4 Bc6 15. exf6 axb5 16. fxg7 Bxg7 17. Bxb5 Bxb5 18. Qxb5 Rc5 19. Qa4 0-0 20. Rd1 Qc7 21. Bd2 Rc8 22. Qa3 Nb6 23. b3 Rc2 24. Qa5 Ra8 25. Qb5 Rcxa2 26. Rxa2 Rxa2 27. Qe8+ Bf8 28. Bh6 Ra8 0-1